000 00350nam a2200097Ia 4500
082 _a379.68 DERA
245 0 _aDeracialisation and migration of learners in South African schools : challenges and implications
100 _a Sekete, Patience Pretoria, South Africa, 2001
_942098
942 _cBK
008 210817s9999 xx 000 0 und d
999 _c386442
_d386441